[Event "8th RTU Open 2018"]
[Site "Riga"]
[Date "2018.08.09"]
[Round "6"]
[White "Repka, Christopher"]
[Black "Pechac, Jergus"]
[Result "1-0"]
[WhiteElo "2528"]
[BlackElo "2431"]
[Annotator "TA"]
[PlyCount "87"]
[EventDate "2018.08.06"]
[EventType "swiss"]
[EventCountry "LAT"]
[SourceTitle "playchess.com"]
[Source "ChessBase"]
[SourceQuality "1"]

{[%evp 14,87,2,3,17,0,0,0,25,19,10,17,49,52,54,40,63,68,107,99,102,100,100,99,89,62,68,62,62,37,72,41,58,7,58,56,56,56,72,62,114,100,112,80,88,77,174,95,186,121,144,114,118,49,277,272,273,262,252,255,300,307,301,300,286,276,478,397,400,380,329,293,498,509,1282,1114]} 1. d4 f5 2. c4 {[%cal Bc2c4,Bc4c5][%mdl 32]} Nf6 3. Nf3 e6 4. g3 d5 5. Bg2 Bd6 6. O-O O-O {A90: Dutch Defence: Miscellaneous and Modern Stonewall (with ...Bd6)} 7. c5 (7. Nc3 c6 8. Qc2 Qe7 9. Rb1 Bd7 10. c5 Bc7 11. b4 Ne4 12. Nxe4 fxe4 13. Bg5 Qf7 14. Ne5 Bxe5 15. dxe5 Be8 16. f3 Nd7 17. fxe4 {½-½ (48) Wojtaszek,R (2750)-Sadzikowski,D (2588) Warsaw 2018}) 7... Be7 8. b4 {LiveBook: 5 Games} b6 {The position is equal.} 9. Bb2 a5 10. a3 Bd7 $146 ({Predecessor:} 10... bxc5 11. dxc5 Nc6 12. Nd4 Nxd4 13. Qxd4 c6 14. Nd2 {0-1 (68) Roos,A (2250)-Draftian,A (2274) Gent 2016}) 11. Nc3 Ne4 12. Ne5 Nc6 13. Nxd7 Qxd7 14. Nxe4 $1 fxe4 15. b5 Na7 16. a4 Rab8 17. c6 Qe8 18. f3 exf3 19. exf3 Qg6 20. f4 Rbe8 21. Qb1 Nc8 22. Bc3 Nd6 23. Ra2 ({White should play} 23. Qxg6 $14 hxg6 24. Rfe1) 23... Bf6 (23... Qxb1 $11 24. Rxb1 Nf5) 24. Qd1 Re7 25. Re2 h5 26. Bf3 Qf5 {[#]} (26... Qf7 $14) 27. Ree1 $1 $16 g6 28. Be2 Qh3 29. Bb2 Nf5 {[#]} (29... Rh7 $16 {was worth a try.}) 30. Bf3 (30. Rf3 $1 $18 Nd6 31. Bd3) 30... g5 (30... Nd6 $16) 31. Qd2 ({Worse is} 31. Bxh5 Rh7 $17) ({Better is} 31. Rf2 $18) 31... Rg7 32. Bg2 ({Inferior is} 32. Rxe6 Nxg3 33. Qg2 Qxg2+ 34. Kxg2 Nxf1 $17) 32... Qg4 33. Rf3 ({But not} 33. Rxe6 $6 Nxg3 34. Rxf6 Nxf1 $11) (33. Qd3 $16) 33... Nd6 $2 (33... gxf4 $1 $14 34. Rxf4 Bg5 35. Rxg4 Bxd2 36. Rxg7+ Nxg7) 34. h3 $18 Qf5 35. fxg5 Qxg5 36. Qxg5 Rxg5 37. Rxe6 Ne4 38. Kh2 Kf7 39. Re5 $1 Rfg8 $2 (39... Kg6 {was necessary.} 40. h4 Bxe5 41. Rxf8 Bg7) 40. Rxg5 Rxg5 41. Bc1 Rg7 42. Bf4 Ke6 $2 (42... Kg6 43. Re3 Re7 44. Bxe4+ dxe4) 43. h4 Nd6 (43... Bd8 $142 44. Bh3+ Ke7) 44. Bxd6 {Precision: White = 71%, Black = 34%.} 1-0

[Event "8th RTU Open 2018"]
[Site "Riga"]
[Date "2018.08.09"]
[Round "6"]
[White "Dragnev, Valentin"]
[Black "Akesson, Ralf"]
[Result "1-0"]
[WhiteElo "2509"]
[BlackElo "2389"]
[Annotator "TA"]
[PlyCount "57"]
[EventDate "2018.08.06"]
[EventType "swiss"]
[EventCountry "LAT"]
[SourceTitle "playchess.com"]
[Source "ChessBase"]
[SourceQuality "1"]

{[%evp 14,57,14,14,17,9,20,2,15,8,44,37,35,0,110,108,97,107,106,99,98,101,93,97,106,95,107,107,99,98,104,102,96,65,62,62,114,87,94,100,138,138,245,239,589,582]} 1. d4 Nf6 2. Nf3 e6 3. c4 d5 4. Nc3 Be7 5. Bf4 O-O 6. a3 {D37: Queen's Gambit Declined: 5 Bf4} (6. e3 Nbd7 7. g4 dxc4 8. Bxc4 c5 9. g5 Nh5 10. Bg3 g6 11. Qe2 cxd4 12. Nxd4 Nb6 13. Bb3 Bb4 14. Nf3 Bd7 {1-0 (73) Mamedyarov,S (2808)-Karjakin,S (2782) Paris 2018}) 6... c5 7. dxc5 dxc4 8. e4 {LiveBook: 4 Games. The position is equal.} Na6 $146 ({Predecessor:} 8... Qa5 9. Bxc4 Nxe4 10. b4 Nxc3 11. Qb3 Qd8 12. Qxc3 Bf6 13. Be5 Nc6 14. Bxf6 Qxf6 15. Qxf6 gxf6 {0-1 (65) Zhao,X (2506)-Pourkashiyan,A (2338) Gibraltar 2016}) 9. Bxc4 Qxd1+ 10. Rxd1 {[#] aiming for b4.} Nxc5 11. Rd4 a5 12. Ke2 b6 13. Bc7 Ba6 (13... Bb7 $11) 14. Bxa6 $16 Rxa6 15. e5 $36 {[%mdl 2048] White is on the roll.} Ne8 16. Bd8 Bxd8 17. Rxd8 {Hoping for b4.} Nc7 18. Rhd1 Ra8 19. Rxa8 Rxa8 20. Rd6 Rb8 21. Rc6 Ne8 22. Nd2 Nd7 23. f4 g5 $1 24. g3 {[%cal Bg2g3,Bg3f4][%mdl 32]} Kf8 (24... gxf4 $14 25. gxf4 Ng7) 25. Nc4 gxf4 26. gxf4 Ke7 27. Nb5 f6 (27... a4 $16 {was necessary.} 28. Kd3 Kf8) 28. Nd4 $18 Ng7 $2 {[#]} (28... fxe5 29. Rxe6+ Kf8) 29. Rc7 {Precision: White = 87%, Black = 41%.} 1-0

[Event "8th RTU Open 2018"]
[Site "Riga"]
[Date "2018.08.09"]
[Round "6"]
[White "Maiorov, Nikita"]
[Black "Manafov, Vugar Gulam"]
[Result "1-0"]
[WhiteElo "2504"]
[BlackElo "2215"]
[Annotator "ChessBase"]
[PlyCount "129"]
[EventDate "2018.08.06"]
[EventType "swiss"]
[EventCountry "LAT"]
[SourceTitle "playchess.com"]
[Source "ChessBase"]
[SourceQuality "1"]
[TimeControl "5400+30"]

1. d4 {[%emt 0:02:32]} Nf6 {[%emt 0:00:12]} 2. c4 {[%emt 0:00:25]} e6 {[%emt 0:00:04]} 3. Nc3 {[%emt 0:00:07]} Bb4 {[%emt 0:00:07]} 4. Qc2 {[%emt 0:00:04]} O-O {[%emt 0:00:05]} 5. a3 {[%emt 0:00:05]} Bxc3+ {[%emt 0:00:06]} 6. Qxc3 {[%emt 0:00:04]} d6 {[%emt 0:00:04]} 7. Nf3 {[%emt 0:07:11]} Nbd7 {[%emt 0:00:06]} 8. g3 {[%emt 0:01:01]} b6 {[%emt 0:04:22]} 9. Bg2 {[%emt 0:00:37]} Bb7 {[%emt 0:00:07]} 10. O-O {[%emt 0:00:10]} a5 {[%emt 0:00:15]} 11. b3 {[%emt 0:00:06]} Qe7 {[%emt 0:00:41]} 12. Bb2 {[%emt 0:00:08]} Ne4 {[%emt 0:00:12]} 13. Qc2 {[%emt 0:00:07]} f5 {[%emt 0:00:57]} 14. Rad1 {[%emt 0:04:19]} Ng5 {[%emt 0:04:31]} 15. d5 {[%emt 0:07:19]} Nxf3+ {[%emt 0:01:55]} 16. Bxf3 {[%emt 0:00:15]} e5 {[%emt 0:00:13]} 17. e3 {[%emt 0:00:08]} e4 {[%emt 0:01:48]} 18. Bg2 {[%emt 0:03:28]} Ne5 {[%emt 0:00:22]} 19. Kh1 {[%emt 0:00:20]} Rf6 {[%emt 0:02:33]} 20. f3 {[%emt 0:11:14]} exf3 {[%emt 0:04:44]} 21. Bxf3 {[%emt 0:00:04]} Rh6 {[%emt 0:00:24]} 22. Be2 {[%emt 0:02:01]} Bc8 {[%emt 0:07:35]} 23. Bc1 {[%emt 0:11:31]} Rf6 {[%emt 0:00:54]} 24. Rf2 {[%emt 0:00:32]} Bd7 {[%emt 0:10:31]} 25. Rdf1 {[%emt 0:02:06]} Rf7 {[%emt 0:00:40]} 26. Bh5 {[%emt 0:00:49]} g6 {[%emt 0:00:37]} 27. Be2 {[%emt 0:00:11]} c6 {[%emt 0:00:01]} 28. Bb2 {[%emt 0:04:21]} cxd5 {[%emt 0:01:53]} 29. cxd5 {[%emt 0:01:21]} Rc8 {[%emt 0:00:16]} 30. Qd1 {[%emt 0:00:06]} a4 {[%emt 0:00:19]} 31. e4 {[%emt 0:12:25]} Rcf8 {[%emt 0:06:19]} 32. Qd4 {[%emt 0:07:16]} fxe4 {[%emt 0:01:10]} 33. Rxf7 {[%emt 0:00:18]} Rxf7 {[%emt 0:00:02]} 34. Rxf7 {[%emt 0:00:06]} Qxf7 {[%emt 0:00:16]} 35. Qxb6 {[%emt 0:00:59]} Qf8 {[%emt 0:05:21]} 36. Bxe5 {[%emt 0:02:29]} dxe5 {[%emt 0:00:11]} 37. bxa4 {[%emt 0:00:20]} Bxa4 {[%emt 0:01:01]} 38. Qe6+ {[%emt 0:02:58]} Qf7 {[%emt 0:00:05]} 39. Qxe5 {[%emt 0:04:14]} Bd1 {[%emt 0:00:31]} 40. Qb8+ {[%emt 0:00:07]} Kg7 {[%emt 0:00:04]} 41. Qb2+ {[%emt 0:00:08]} Kg8 {[%emt 0:00:10]} 42. Bc4 {[%emt 0:04:07]} Bf3+ {[%emt 0:03:06]} 43. Kg1 {[%emt 0:00:04]} Qa7+ {[%emt 0:00:09]} 44. Kf1 {[%emt 0:00:12]} Qf7 {[%emt 0:05:48]} 45. Qb8+ {[%emt 0:01:00]} Kg7 {[%emt 0:00:01]} 46. Qe5+ {[%emt 0:00:10]} Kg8 {[%emt 0:00:21]} 47. Qe6 {[%emt 0:00:35]} e3 {[%emt 0:01:19]} 48. d6 {[%emt 0:04:05]} Qxe6 {[%emt 0:00:32]} 49. Bxe6+ {[%emt 0:00:04]} Kf8 {[%emt 0:00:06]} 50. a4 {[%emt 0:00:04]} Ke8 {[%emt 0:00:13]} 51. a5 {[%emt 0:00:05]} Kd8 {[%emt 0:00:03]} 52. a6 {[%emt 0:00:15]} g5 {[%emt 0:00:08]} 53. g4 {[%emt 0:01:43]} h6 {[%emt 0:00:12]} 54. Ke1 {[%emt 0:00:05]} Bc6 {[%emt 0:00:13]} 55. Bf5 {[%emt 0:01:33]} Bf3 {[%emt 0:00:10]} 56. Kf1 {[%emt 0:00:45]} Bd5 {[%emt 0:00:19]} 57. Ke2 {[%emt 0:00:23]} Bc4+ {[%emt 0:00:05]} 58. Bd3 {[%emt 0:01:10]} Bxa6 {[%emt 0:00:10]} 59. Bxa6 {[%emt 0:00:03]} Kd7 {[%emt 0:00:06]} 60. Kxe3 {[%emt 0:00:05]} Kxd6 {[%emt 0:00:05]} 61. Ke4 {[%emt 0:00:12]} h5 {[%emt 0:01:15]} 62. h3 {[%emt 0:00:19]} Ke6 {[%emt 0:00:04]} 63. Bb5 {[%emt 0:00:09]} Kd6 {[%emt 0:00:06]} 64. Kf5 {[%emt 0:00:06]} hxg4 {[%emt 0:00:05]} 65. hxg4 {[%emt 0:00:04]} 1-0

[Event "8th RTU Open 2018"]
[Site "Riga"]
[Date "2018.08.09"]
[Round "6"]
[White "Thybo, Jesper Sondergaard"]
[Black "Oboladze, Luka"]
[Result "1/2-1/2"]
[WhiteElo "2496"]
[BlackElo "2349"]
[Annotator "TA"]
[PlyCount "43"]
[EventDate "2018.08.06"]
[EventType "swiss"]
[EventCountry "LAT"]
[SourceTitle "playchess.com"]
[Source "ChessBase"]
[SourceQuality "1"]

{[%evp 28,43,0,0,41,51,59,-37,-43,-45,-45,-39,-39,-45,-47,-42,-31,-28]} 1. d4 Nf6 2. c4 e6 3. g3 c5 4. d5 exd5 5. cxd5 d6 6. Nc3 g6 7. Bg2 Bg7 8. Nf3 O-O 9. O-O Re8 10. Bf4 Ne4 11. Nxe4 Rxe4 12. Nd2 {A62: Modern Benoni: Fianchetto Variation without early ...Nbd7} Rxf4 13. gxf4 Bxb2 14. Rb1 Bg7 15. Re1 {LiveBook: 9 Games} (15. e4 Nd7 16. Qf3 b5 17. Rfe1 c4 18. e5 dxe5 19. Rxb5 Ba6 {1-0 (50) Matlakov,M (2684)-Bologan,V (2654) Poikovsky 2016}) 15... Qf6 16. Qa4 $146 {[#] Threatens to win with Qe8+.} ({Predecessor:} 16. e3 b6 17. Ne4 Qd8 18. Ng3 Bc3 19. Re2 Bg4 {½-½ (98) Lopez Rojas,J (2119)-Richter,D (2120) Magdeburg 2016}) 16... Bd7 17. Qa5 ({Better is} 17. Qa3 $14) 17... b6 $15 {Black is slightly better.} 18. Rxb6 Qc3 $1 {[%cal Rc3a5]} 19. Qxc3 Bxc3 20. Rxd6 {Hoping for Rd1.} Bxd2 21. Rb1 Bxf4 {[#]} 22. Rxb8+ $1 {[%mdl 512]} 1/2-1/2

[Event "8th RTU Open 2018"]
[Site "Riga"]
[Date "2018.08.09"]
[Round "6"]
[White "Leenhouts, Koen"]
[Black "Thogersen, Rasmus"]
[Result "1/2-1/2"]
[WhiteElo "2475"]
[BlackElo "2275"]
[Annotator "ChessBase"]
[PlyCount "108"]
[EventDate "2018.08.06"]
[EventType "swiss"]
[EventCountry "LAT"]
[SourceTitle "playchess.com"]
[Source "ChessBase"]
[SourceQuality "1"]
[TimeControl "5400+30"]

1. c4 g6 {[%emt 0:00:00]} 2. e4 {[%emt 0:00:28]} Bg7 {[%emt 0:01:15]} 3. d4 {[%emt 0:00:12]} d6 {[%emt 0:00:07]} 4. Nc3 {[%emt 0:00:08]} Nf6 {[%emt 0:00:05]} 5. f3 {[%emt 0:00:07]} O-O {[%emt 0:00:00]} 6. Bg5 {[%emt 0:00:29]} c5 {[%emt 0:00:00]} 7. d5 e6 8. Qd2 {[%emt 0:00:50]} exd5 {[%emt 0:00:41]} 9. cxd5 {[%emt 0:00:08]} a6 {[%emt 0:00:24]} 10. a4 {[%emt 0:00:53]} Nbd7 {[%emt 0:00:38]} 11. Nh3 {[%emt 0:00:32]} Qc7 {[%emt 0:08:19]} 12. Be2 {[%emt 0:01:25]} Rb8 {[%emt 0:05:11]} 13. O-O {[%emt 0:01:03]} c4 {[%emt 0:02:01]} 14. Rac1 {[%emt 0:07:52]} b5 {[%emt 0:02:50]} 15. axb5 {[%emt 0:01:50]} axb5 {[%emt 0:03:03]} 16. b4 {[%emt 0:00:26]} cxb3 {[%emt 0:06:03]} 17. Nxb5 {[%emt 0:06:32]} Qd8 {[%emt 0:03:04]} 18. Rc6 {[%emt 0:21:48]} Ne5 {[%emt 0:14:11]} 19. Rxd6 {[%emt 0:10:01]} Qe7 {[%emt 0:11:40]} 20. Nf2 {[%emt 0:13:53]} Bd7 {[%emt 0:01:04]} 21. Rxd7 {[%emt 0:17:00]} Qxd7 {[%emt 0:03:06]} 22. f4 {[%emt 0:03:52]} Neg4 23. e5 {[%emt 0:00:30]} Nxf2 {[%emt 0:12:31]} 24. exf6 {[%emt 0:00:03]} Ne4 {[%emt 0:00:34]} 25. Qd4 {[%emt 0:00:02]} Nxf6 {[%emt 0:01:18]} 26. Bxf6 {[%emt 0:00:07]} Bxf6 {[%emt 0:00:13]} 27. Qxf6 Rxb5 {[%emt 0:04:18]} 28. Bxb5 {[%emt 0:00:07]} Qxb5 {[%emt 0:00:10]} 29. Qd4 {[%emt 0:00:34]} Rc8 {[%emt 0:05:46]} 30. Rb1 {[%emt 0:05:03]} Rc2 {[%emt 0:07:30]} 31. Ra1 Qb7 {[%emt 0:03:15]} 32. Re1 {[%emt 0:01:55]} Qc8 {[%emt 0:02:09]} 33. Qa4 {[%emt 0:08:01]} Qc5+ {[%emt 0:02:58]} 34. Kh1 {[%emt 0:00:08]} Qxd5 {[%emt 0:00:50]} 35. Rg1 {[%emt 0:00:19]} h5 {[%emt 0:00:45]} 36. f5 {[%emt 0:00:09]} Rd2 {[%emt 0:01:11]} 37. fxg6 {[%emt 0:00:47]} fxg6 {[%emt 0:00:04]} 38. Qe8+ {[%emt 0:00:43]} Kg7 {[%emt 0:00:05]} 39. Qe7+ {[%emt 0:00:05]} Kh6 {[%emt 0:00:09]} 40. Qf8+ {[%emt 0:00:24]} Kh7 {[%emt 0:00:21]} 41. Qe7+ {[%emt 0:00:02]} Kg8 {[%emt 0:00:07]} 42. Qe8+ {[%emt 0:00:27]} Kg7 {[%emt 0:00:04]} 43. Qe7+ {[%emt 0:00:06]} Qf7 {[%emt 0:00:08]} 44. Qe5+ {[%emt 0:00:06]} Kh7 {[%emt 0:00:40]} 45. Qa5 {[%emt 0:01:07]} Qd7 {[%emt 0:00:33]} 46. Qb4 {[%emt 0:00:50]} b2 {[%emt 0:00:32]} 47. h3 Qd4 {[%emt 0:02:33]} 48. Qb7+ {[%emt 0:01:15]} Kh6 {[%emt 0:00:14]} 49. Qb8 {[%emt 0:00:45]} Qxg1+ {[%emt 0:01:01]} 50. Kxg1 {[%emt 0:00:02]} Rd1+ {[%emt 0:00:06]} 51. Kh2 {[%emt 0:00:13]} b1=Q {[%emt 0:00:10]} 52. Qf8+ Kh7 {[%emt 0:01:25]} 53. Qf7+ {[%emt 0:00:21]} Kh6 {[%emt 0:00:05]} 54. Qf8+ {[%emt 0:00:02]} Kh7 1/2-1/2

[Event "8th RTU Open 2018"]
[Site "Riga"]
[Date "2018.08.09"]
[Round "6"]
[White "Pultinevicius, Paulius"]
[Black "Esipenko, Andrey"]
[Result "1/2-1/2"]
[WhiteElo "2452"]
[BlackElo "2589"]
[Annotator "ChessBase"]
[PlyCount "52"]
[EventDate "2018.08.06"]
[EventType "swiss"]
[EventCountry "LAT"]
[SourceTitle "playchess.com"]
[Source "ChessBase"]
[SourceQuality "1"]
[TimeControl "5400+30"]

1. c4 {[%emt 0:00:00]} Nf6 {[%emt 0:00:00]} 2. Nc3 {[%emt 0:00:00]} e6 {[%emt 0:00:25]} 3. e4 {[%emt 0:00:00]} d5 {[%emt 0:00:07]} 4. e5 {[%emt 0:00:00]} d4 {[%emt 0:00:14]} 5. exf6 {[%emt 0:00:00]} dxc3 {[%emt 0:00:06]} 6. bxc3 {[%emt 0:00:00]} Qxf6 {[%emt 0:00:05]} 7. Nf3 {[%emt 0:01:39]} b6 {[%emt 0:00:43]} 8. d4 {[%emt 0:03:49]} Bb7 {[%emt 0:00:17]} 9. Bd3 {[%emt 0:00:12]} h6 {[%emt 0:14:00]} 10. O-O {[%emt 0:01:53]} Nd7 {[%emt 0:03:30]} 11. Re1 {[%emt 0:01:20]} Bd6 {[%emt 0:04:33]} 12. a4 {[%emt 0:08:36]} O-O {[%emt 0:03:02]} 13. Be4 {[%emt 0:10:33]} Bxe4 {[%emt 0:00:39]} 14. Rxe4 {[%emt 0:00:06]} Qf5 {[%emt 0:01:31]} 15. Re2 {[%emt 0:00:27]} Rfd8 {[%emt 0:07:24]} 16. a5 {[%emt 0:03:56]} c5 {[%emt 0:08:45]} 17. Be3 {[%emt 0:09:49]} cxd4 {[%emt 0:17:52]} 18. cxd4 {[%emt 0:01:33]} Bb4 {[%emt 0:00:47]} 19. axb6 {[%emt 0:04:47]} axb6 {[%emt 0:00:06]} 20. Rea2 {[%emt 0:02:08]} Qe4 {[%emt 0:05:27]} 21. Rxa8 {[%emt 0:04:38]} Rxa8 {[%emt 0:00:29]} 22. h3 {[%emt 0:01:15]} Bd6 {[%emt 0:04:27]} 23. Nd2 {[%emt 0:02:37]} Qc6 {[%emt 0:00:12]} 24. Rxa8+ {[%emt 0:00:35]} Qxa8 {[%emt 0:00:48]} 25. Qf3 {[%emt 0:04:24]} Qc8 {[%emt 0:00:34]} 26. Bf4 {[%emt 0:00:48]} Qc7 {[%emt 0:07:10]} 1/2-1/2

[Event "8th RTU Open 2018"]
[Site "Riga"]
[Date "2018.08.09"]
[Round "6"]
[White "Haria, Ravi"]
[Black "Dhulipalla, Bala Chandra Prasad"]
[Result "1-0"]
[WhiteElo "2449"]
[BlackElo "2333"]
[Annotator "NA"]
[PlyCount "117"]
[EventDate "2018.08.06"]
[EventType "swiss"]
[EventCountry "LAT"]
[SourceTitle "playchess.com"]
[Source "ChessBase"]
[SourceQuality "1"]
[TimeControl "5400+30"]

1. Nf3 {[%emt 0:01:02]} d5 {[%emt 0:02:08]} 2. g3 {[%emt 0:00:03]} Bg4 {[%emt 0:00:07]} 3. Bg2 {[%emt 0:00:23]} Nd7 {[%emt 0:00:08]} 4. h3 {[%emt 0:00:27]} Bh5 {[%emt 0:00:57]} 5. O-O {[%emt 0:02:04]} c6 {[%emt 0:00:32]} 6. d4 {[%emt 0:01:43]} e6 {[%emt 0:01:16]} 7. c4 {[%emt 0:00:08]} Ngf6 {[%emt 0:00:42]} 8. cxd5 {[%emt 0:00:15]} exd5 {[%emt 0:04:58]} 9. Qb3 {[%emt 0:00:07]} Bxf3 {[%emt 0:06:28]} 10. Bxf3 {[%emt 0:11:19]} Nb6 {[%emt 0:11:45]} 11. Nc3 {[%emt 0:03:44]} Be7 {[%emt 0:02:27]} 12. a4 {[%emt 0:00:37]} Rb8 {[%emt 0:11:03]} 13. a5 {[%emt 0:08:44]} Nc8 {[%emt 0:02:46]} 14. a6 {[%emt 0:00:46]} b5 {[%emt 0:03:30]} 15. e4 {[%emt 0:03:21]} dxe4 {[%emt 0:04:40]} 16. Nxe4 {[%emt 0:00:16]} Nd5 {[%emt 0:00:53]} 17. Nc3 {[%emt 0:14:38]} Ncb6 {[%emt 0:03:36]} 18. Nxd5 {[%emt 0:00:24]} Nxd5 {[%emt 0:00:08]} 19. Bxd5 {[%emt 0:01:03]} Qxd5 {[%emt 0:03:00]} 20. Qxd5 {[%emt 0:00:12]} cxd5 {[%emt 0:00:02]} 21. Bf4 {[%emt 0:00:19]} Rc8 {[%emt 0:01:16]} 22. Rfe1 {[%emt 0:04:17]} Kd7 {[%emt 0:00:50]} 23. Re5 {[%emt 0:01:38]} f6 {[%emt 0:02:49]} 24. Rxd5+ {[%emt 0:03:24]} Kc6 {[%emt 0:04:56]} 25. Rh5 {[%emt 0:00:06]} g5 {[%emt 0:07:57]} 26. Rc1+ {[%emt 0:02:07]} Kd7 {[%emt 0:01:51]} 27. Rxc8 {[%emt 0:00:19]} Rxc8 {[%emt 0:01:47]} 28. Be3 {[%emt 0:00:23]} Rc2 {[%emt 0:06:45]} 29. Rxh7 {[%emt 0:00:40]} Rxb2 {[%emt 0:01:32]} 30. d5 {[%emt 0:00:17]} Rc2 {[%emt 0:01:36]} 31. Bxa7 {[%emt 0:02:46]} Rc8 {[%emt 0:01:10]} 32. Bd4 {[%emt 0:11:00]} Kd6 {[%emt 0:00:04]} 33. a7 {[%emt 0:07:19]} b4 {[%emt 0:09:59]} 34. Rxe7 {[%emt 0:01:34]} Kxe7 {[%emt 0:00:02]} 35. Bc5+ {[%emt 0:00:06]} Kd7 {[%emt 0:00:03]} 36. Bxb4 {[%emt 0:00:06]} f5 {[%emt 0:00:32]} 37. Bd2 {[%emt 0:02:34]} Ra8 {[%emt 0:01:13]} 38. Bxg5 {[%emt 0:00:14]} Rxa7 {[%emt 0:00:02]} 39. Bf4 {[%emt 0:00:08]} Ra5 {[%emt 0:00:14]} 40. d6 {[%emt 0:00:05]} Ke6 {[%emt 0:00:21]} 41. Kg2 {[%emt 0:02:22]} Kf6 {[%emt 0:01:02]} 42. h4 {[%emt 0:01:23]} Kg6 {[%emt 0:00:20]} 43. Kf3 {[%emt 0:00:20]} Kh5 {[%emt 0:01:01]} 44. Bg5 {[%emt 0:03:57]} Rd5 {[%emt 0:00:18]} 45. Be7 {[%emt 0:00:29]} Kg6 {[%emt 0:00:36]} 46. Kf4 {[%emt 0:00:18]} Rd2 {[%emt 0:01:36]} 47. f3 {[%emt 0:02:30]} Rd5 {[%emt 0:00:32]} 48. g4 {[%emt 0:04:26]} fxg4 {[%emt 0:00:21]} 49. fxg4 {[%emt 0:00:09]} Rd1 {[%emt 0:00:20]} 50. h5+ {[%emt 0:00:30]} Kf7 {[%emt 0:00:10]} 51. Kg5 {[%emt 0:00:58]} Rd4 {[%emt 0:00:51]} 52. Kf5 {[%emt 0:01:56]} Rd5+ {[%emt 0:00:14]} 53. Ke4 {[%emt 0:01:18]} Rd1 {[%emt 0:00:18]} 54. Ke5 {[%emt 0:00:17]} Rh1 {[%emt 0:02:16]} 55. Bg5 {[%emt 0:00:23]} Rd1 {[%emt 0:00:49]} 56. Bf4 {[%emt 0:00:14]} Rh1 {[%emt 0:00:18]} 57. Kf5 {[%emt 0:00:09]} Rh3 {[%emt 0:00:36]} 58. h6 {[%emt 0:00:20]} Rb3 {[%emt 0:00:37]} 59. g5 {[%emt 0:00:18]} 1-0

[Event "8th RTU Open 2018"]
[Site "Riga"]
[Date "2018.08.09"]
[Round "6"]
[White "Garriga Cazorla, Pere"]
[Black "Rogule, Laura"]
[Result "1-0"]
[WhiteElo "2444"]
[BlackElo "2272"]
[Annotator "TA"]
[PlyCount "111"]
[EventDate "2018.08.06"]
[EventType "swiss"]
[EventCountry "LAT"]
[SourceTitle "playchess.com"]
[Source "ChessBase"]
[SourceQuality "1"]

{[%evp 34,111,70,75,129,95,179,153,168,152,129,129,137,62,70,66,78,86,107,94,114,118,120,79,121,51,120,108,178,200,246,253,238,82,95,87,133,133,83,96,100,97,66,0,103,0,27,31,450,412,265,251,225,94,91,108,111,92,129,0,185,100,169,68,54,0,0,0,0,0,29980,29981,29981,29982,29982,29983,29997,29998,29998,29999]} 1. d4 d5 2. c4 e6 3. Nc3 Nf6 4. cxd5 exd5 5. Bg5 c6 6. e3 Be7 7. Bd3 Nbd7 8. Qc2 O-O 9. Nf3 Re8 10. h3 Nf8 11. Bf4 Bd6 12. Bxd6 Qxd6 13. O-O-O Be6 14. Kb1 {D36: Damengambit (Abtauschvariante)} Rac8 15. g4 {[%cal Bg2g4,Bg4g5][%mdl 32]} (15. Rc1 Ne4 16. Bxe4 dxe4 17. Ng5 f5 18. Nxe6 Qxe6 19. g4 fxg4 20. hxg4 c5 21. d5 Qxg4 {1-0 (33) Laznicka,V (2681)-Blagojevic,D (2516) Valjevo 2011}) 15... c5 16. dxc5 Rxc5 17. Nd4 a6 18. f4 {[#] LiveBook: 3 Partien} Rec8 $146 (18... b5 $142) ({Vorgänger:} 18... b5 19. g5 N6d7 20. Qf2 Nb6 21. Nb3 Rxc3 22. bxc3 {1-0 (45) Lampert,J (2437)-Stern,R (2542) Germany 2014}) 19. Qe2 R5c7 (19... b5 $16 {war einen Versuch wert.}) 20. g5 $18 Ne8 21. Qg2 g6 22. Rhf1 Ng7 23. Nce2 (23. h4 $16) 23... Nd7 $14 24. Ng3 Nb6 25. f5 Bd7 26. Qf2 Ba4 27. b3 Be8 28. e4 {[%cal Be3e4,Be4e5][%mdl 32]} Qb4 29. Qb2 (29. Nc2 $16 Qd6 30. Nd4) 29... Qd6 ({Besser ist} 29... a5 $14) 30. Nde2 $16 Bc6 (30... Bb5 $16 {war angesagt.}) 31. e5 $18 Qd8 32. Qd4 Nd7 {[%cal Bb6d7,Bd7c5,Bc5e4][%mdl 32]} 33. Qf4 $2 (33. Nf4 $18 {bietet bessere Gewinnchancen.}) 33... Qe8 $16 34. e6 $1 {[%cal Re6d7]} fxe6 35. f6 $1 {[%cal Rf6f7]} Nf5 36. Nxf5 ({Doch nicht} 36. Bxf5 $6 exf5 37. Qd4 Qe5 $11) 36... exf5 37. Nd4 $36 {[%mdl 2048] Schwarz muss aufpassen.} Nc5 38. Rfe1 {[%mdl 1024] Weiss hat Kompensation.} (38. Nxf5 $5 gxf5 39. Bxf5 $11) 38... Ne4 39. Rc1 ({Günstiger ist} 39. h4 $1 $16) 39... Qd7 40. h4 {[%cal Bh3h4,Bh4h5,Bh5g6][%mdl 32]} Kf7 $2 {[%mdl 8192]} (40... Qf7 $14) 41. h5 $18 Bb5 42. hxg6+ $1 hxg6 43. Bxb5 (43. Bc2 $1 $18 {ist der präzise Gewinnweg.}) 43... Rxc1+ $16 44. Rxc1 Rxc1+ 45. Qxc1 axb5 46. Nf3 (46. Qh1 $1 $16 {[%cal Rh1h7] jetzt Dh7+ und aus.} Kg8 47. Qh2) 46... Qd8 $2 (46... Ke6 $1 $11 {und Schwarz steht sicher.}) 47. Qh1 ({Lieber} 47. Ne5+ $18 Kg8 48. Nxg6) 47... Ke6 {[#]} (47... Nxg5 $16 {war nötig.} 48. Nxg5+ Kxf6) 48. Qh2 (48. Qh6 $1 $18 {[%cal Rh6g6]} Nxg5 49. Qxg5 (49. Nxg5+ Kxf6 50. Nf3 Qe8 $16)) 48... d4 $1 $14 {[%cal Rd4d3] Mit der Idee ...d3.} 49. Qe5+ (49. Qh7 $1 $14 d3 50. Qxb7) 49... Kf7 $11 {Und weiter mit ...d3 wäre nett.} 50. Kb2 d3 $1 {[%cal Rd3d2] Und ...d2 würde nun gewinnen.} 51. Qxb5 d2 $2 {[%mdl 8192] [#]} (51... Nxg5 $11 52. Nxg5+ Kxf6 53. Nh7+ Kg7 54. Qxb7+ Kh6) 52. Qc4+ $1 {Weiß setzt Matt.} Kf8 53. Ne5 {[%csl Ge5][%cal Rc4f7]} d1=N+ 54. Ka1 {[%csl Ge5][%cal Rc4f7]} Nd6 55. Nxg6+ Ke8 56. Qe6+ {Precision: Weiß = 47%, Schwarz = 39%.} 1-0